00712cam a2200217 a 4500001001300000003000400013005001700017008004100034010001700075040001300092043001200105050002500117100003700142245011100179260001000290300004200300500001600342504006100358650005800419999001700477ca 34000707 DLC20260227111131.0000203s1932 xx bm 000 0 eng c aca 34000707  aDLCcDLC an-us-va00aKFV2750.C4bS25 19321 aSalter, Frances Virginia,d1911-14aThe history of the Virginia colonial children legislation from 1619 to 1792 /cby Frances Virginia Salter. c1932. a[4], 551, [3] leaves, bound ;c28 cm. aTypescript. aIncludes bibliographical references ([2] leaves at end). 0aChildrenxLegal status, laws, etc.zVirginiaxHistory c17329d17329